Geography Quiz

Random Geography or City Quiz

Largest Cities in Florida, 1910-2010 Quiz Stats

 Plays Quiz not verified by Sporcle

The U.S. Census only listed the top 100 cities in the country before 2000.
Score 0/38 Timer 01:00
0 Plays Today
Year City % Correct
1930Miami
99.8%
1940Miami
99.8%
1950Miami
99.8%
1960Miami
99.8%
2010Miami
99.8%
1970Miami
99.8%
1990Miami
99.8%
1980Miami
99.8%
2000Miami
99.8%
1930Tampa
97%
1940Tampa
97%
1950Tampa
97%
1960Tampa
97%
2010Tampa
97%
2000Tampa
97%
1970Tampa
97%
1980Tampa
97%
1990Tampa
97%
1930Jacksonville
97%
Year City % Correct
1910|1920Jacksonville
97%
1940Jacksonville
97%
1950Jacksonville
97%
1960Jacksonville
97%
2010Jacksonville
97%
2000Jacksonville
97%
1970Jacksonville
97%
1980Jacksonville
97%
1990Jacksonville
97%
2010Orlando
94.7%
2010St. Petersburg
79.9%
2000St. Petersburg
79.9%
1960St. Petersburg
79.9%
1970St. Petersburg
79.9%
1980St. Petersburg
79.9%
1990St. Petersburg
79.9%
1970Fort Lauderdale
69.7%
2000Hialeah
47.1%
1990Hialeah
47.1%

You're not logged in!

Compare scores with friends on all Sporcle quizzes.
Join for Free
OR
Log In

You Might Also Like...

Show Comments

Extras

Top Quizzes Today


Score Distribution

Your Account Isn't Verified!

In order to create a playlist on Sporcle, you need to verify the email address you used during registration. Go to your Sporcle Settings to finish the process.

Report this User

Report this user for behavior that violates our Community Guidelines.

Details: